000 00363nam a2200145Ia 4500
008 240624s9999 xx 000 0 und d
041 _aeng
082 _a657.3 BHA
100 _a#N/A
245 _aHOW TO READ A BALANCE SHEET
250 _a(2nd ed.)
260 _c2015
_aNew Delhi
_bOxford & IBH Publishing
300 _axix, : 237 : cm. ; 24
365 _cRS
_b31
999 _c25423
_d25423